00550nam a2200193 a 4500001001300000003000900013005001700022008004100039020002300080082001600103100002300119245004900142260005100191300000900242500003500251505003100286650001600317700002300333nice12345678IN_TiNIC20260116014234.0050524s2004 lona grp 000 0 eng  a9839541 c36500a340.59bCHA aChaleby, Kutaiba S aForensic Psychiatry in Islamic Jurisprudence aLondonbInternational Ins of Islamic Lawc2004 a189p aincludes index and biblioraphy2 aNotes, Bibliography, Index aIslamic-Law1 aChaleby, Kutaiba S